000 01440cab a2200217 4500
001 ABS49187
008 090401t1993 xxu||||| |||| 00| 0 eng d
035 _a(Sirsi) u70287
041 _aeng
245 _aEvans and another v Tompkins
260 _c1993
350 _a0
490 _aEstates Gazette
_v(1993) 33 EG 86-87(2)
520 _aCA 4 February 1993. By a written agreement the plaintiffs, the owners of some grazing land and a barn used in connection with it, allowed the defendants (Y) `to use the grass keep for cattle and some sheep and the use of the barn for keeping cattle and storing hay during winter months`. The agreement was for one year. Y appealed against a HC decision that he should deliver up possession of any land, on the principal ground that the tenancy agreement and surrounding circumstances conferred exclusive occupation on him, therefore he had an agreement protected by the Agricultural Holdings Act 1986. The appeal was dismissed on the grounds that it was for Y to show that the agreement created an agricultural tenancy. By its terms it did not confer exclusivity and other people had permission to graze animals at the same time.
650 _aAGRICULTURAL HOLDINGS ACT 1986
650 _aPROPERTY-LANDLORD AND TENANT-TENANCIES-AGRICULTURAL TENANCIES
650 _aEXCLUSIVE OCCUPATION
690 _aLANDLORD AND TENANT-CASE LAW-AGRICULTURAL TENANCIES
942 _n0
948 _c04/03/1997
999 _c44200
_d44200